Where Have You Been - Rihanna - Statistiques

Statistiques générales
  • Ce quiz a été pris 85 fois
  • Le résultat moyen est 228 sur 293
Statistiques - réponses
Réponse % Correct
been
100%
have
100%
where
100%
you
100%
i
98%
all
84%
ive
81%
for
79%
li
79%
my
79%
life
77%
me
77%
everywhere
72%
looking
72%
see
72%
the
72%
who
72%
are
70%
babe
70%
cause
70%
someone
70%
can
67%
love
67%
please
67%
yeah
67%
never
65%
night
65%
searching
65%
in
63%
long
60%
man
60%
from
53%
hiding
51%
somewhere
51%
crowd
49%
out
35%
any
30%
want
30%
day
28%
just
26%
way
26%
show
21%
tonight
19%
ife
7%
Aucun quiz correspondant
Distribution des résultats
% des personnes avec chaque résultat
Percentile par nombre de réponses
Votre historique - résultats
Vous n’avez pas pris ce quiz